[Event "Harrogate 4NCL op 31st"]
[Site "Harrogate"]
[Date "2024.01.21"]
[Round "5"]
[White "Longson, Sarah N"]
[Black "Mesesan, Mircea Marius"]
[Result "0-1"]
[WhiteElo "2001"]
[BlackElo "1923"]
[PlyCount "91"]
[EventDate "2024.01.19"]
[EventType "swiss"]
[EventRounds "5"]
[EventCountry "ENG"]
[SourceTitle "CB05_2024"]
[SourceDate "2024.01.31"]
[SourceVersion "1"]
[SourceVersionDate "2024.01.31"]
[SourceQuality "1"]

1. e4 e5 2. Bc4 Nf6 3. d3 Bc5 4. Nf3 d6 5. 0-0 Bg4 6. h3 Bh5 7. c3 Nc6 8. Nbd2 0-0 9. Re1 a6 10. Bb3 h6 11. Nf1 Re8 12. Ng3 Bg6 13. Nh2 Qd7 14. Qf3 Kh7 15. h4 h5 16. Bd1 Ne7 17. Bg5 Neg8 18. Be2 b5 19. Rad1 Qe6 20. a3 Bb6 21. Rd2 c6 22. Bd1 a5 23. Qe2 Nh6 24. Bxh6 Kxh6 25. Rc2 Ra7 26. Qd2+ Kh7 27. Nf3 Qd7 28. Ng5+ Kg8 29. Bf3 Ng4 30. d4 exd4 31. cxd4 a4 32. Rec1 c5 33. dxc5 dxc5 34. Rd1 Qxd2 35. Rcxd2 f6 36. Nh3 Bf7 37. Rd6 Bc7 38. Rc6 c4 39. Bxg4 hxg4 40. Rd7 Bb8 41. Rxa7 Bxa7 42. Nf4 Bd4 43. Nf5 Bxb2 44. Nd6 Rb8 45. Rc7 Be5 46. Kf1 0-1

[Event "Manchester op"]
[Site "Bolton"]
[Date "2023.08.20"]
[Round "5"]
[White "Longson, Sarah N"]
[Black "Gomez, Daniel3333"]
[Result "1/2-1/2"]
[WhiteElo "2016"]
[BlackElo "1928"]
[PlyCount "48"]
[EventDate "2023.08.18"]
[EventType "swiss"]
[EventRounds "5"]
[EventCountry "ENG"]
[SourceTitle "CBM 215 Extra"]
[Source "ChessBase"]
[SourceDate "2023.09.30"]
[SourceVersion "1"]
[SourceVersionDate "2023.09.30"]
[SourceQuality "1"]

1. e4 e6 2. d4 d5 3. Nc3 Nf6 4. Bg5 Bb4 5. exd5 exd5 6. Bd3 0-0 7. Nge2 h6 8. Bh4 c6 9. 0-0 Re8 10. a3 Bd6 11. h3 b6 12. Re1 Ba6 13. Bxa6 Nxa6 14. Qd3 Nb8 15. Qf3 Nbd7 16. Ng3 Rxe1+ 17. Rxe1 g6 18. Nf1 Kg7 19. Ne3 Qc7 20. Ng4 g5 21. Nxf6 Nxf6 22. Bg3 Bxg3 23. fxg3 Qd7 24. g4 Re8 1/2-1/2

[Event "ENG-ch Chessable (Women)"]
[Site "Kenilworth"]
[Date "2023.05.27"]
[Round "4"]
[White "Longson, Sarah N"]
[Black "Maton, Emily"]
[Result "1/2-1/2"]
[WhiteElo "2031"]
[BlackElo "1766"]
[PlyCount "122"]
[EventDate "2023.05.26"]
[EventType "swiss"]
[EventRounds "7"]
[EventCountry "ENG"]
[SourceTitle "CBM 214 Extra"]
[Source "ChessBase"]
[SourceDate "2023.07.31"]
[SourceVersion "1"]
[SourceVersionDate "2023.07.31"]
[SourceQuality "1"]

1. e4 c5 2. Nc3 Nc6 3. Bb5 Nd4 4. Nf3 Nxb5 5. Nxb5 d6 6. d4 a6 7. Nc3 cxd4 8. Qxd4 e5 9. Qb4 Ne7 10. Be3 Nc6 11. Qb6 Qxb6 12. Bxb6 Be6 13. 0-0-0 Rc8 14. a3 Be7 15. Nd5 Bxd5 16. Rxd5 0-0 17. Kb1 f5 18. exf5 Rxf5 19. Nd2 Bd8 20. Bxd8 Nxd8 21. Ne4 Nf7 22. f3 Rc6 23. h3 Kf8 24. Rhd1 Ke7 25. R1d3 Rh5 26. Rb3 Ke6 27. Rbd3 Ke7 28. a4 Rh6 29. a5 Rg6 30. Rd2 Ng5 31. Nxg5 Rxg5 32. g4 Rg6 33. h4 Rf6 34. R5d3 Rf4 35. Rb3 Rc7 36. Rb6 Rf6 37. g5 Re6 38. Rd3 Kd7 39. Rdb3 Kc8 40. Kc1 h6 41. Kd2 hxg5 42. hxg5 Rg6 43. Ke3 Rxg5 44. Rxd6 Rxc2 45. Re6 Rc7 46. Re8+ Kd7 47. Rb8 e4 48. Kxe4 Rxa5 49. R3xb7 g5 50. b4 Ra1 51. Rb6 a5 52. Rg8 Rc4+ 53. Kd5 Rxb4 54. Rg7+ Ke8 55. Ra6 Kf8 56. Rc7 Rd1+ 57. Ke5 Re1+ 58. Kf5 Rf4+ 59. Kxg5 Rxf3 60. Ra8+ Re8 61. Rxa5 Rfe3 1/2-1/2

[Event "Newcastle Northumbria Masters"]
[Site "Newcastle on Tyne"]
[Date "2022.08.27"]
[Round "2"]
[White "Bezuidenhout, Roland Reinhold"]
[Black "Longson, Sarah N"]
[Result "1-0"]
[WhiteElo "2269"]
[BlackElo "2021"]
[PlyCount "31"]
[EventDate "2022.08.26"]
[EventType "swiss"]
[EventRounds "9"]
[EventCountry "ENG"]
[SourceTitle "CBM 210 Extra"]
[Source "ChessBase"]
[SourceDate "2022.11.30"]
[SourceVersion "1"]
[SourceVersionDate "2022.11.30"]
[SourceQuality "1"]

1. e4 e5 2. Bc4 c6 3. Nc3 Nf6 4. d4 Bb4 5. dxe5 Nxe4 6. Qg4 d5 7. Qxg7 Rf8 8. Bd3 Nxc3 9. Bd2 Nxa2 10. c3 Nxc3 11. bxc3 Bc5 12. Nf3 Qe7 13. 0-0 Be6 14. Ng5 Kd7 15. Nxh7 Rc8 16. Bg5 1-0

[Event "London ECF (Women)"]
[Site "London"]
[Date "2022.04.09"]
[Round "5"]
[White "Longson, Sarah N"]
[Black "Kueh, Audrey"]
[Result "0-1"]
[WhiteElo "2019"]
[BlackElo "2107"]
[PlyCount "60"]
[EventDate "2022.04.07"]
[EventType "tourn"]
[EventRounds "9"]
[EventCountry "ENG"]
[SourceTitle "CBM 207 Extra"]
[Source "ChessBase"]
[SourceDate "2022.05.31"]
[SourceVersion "1"]
[SourceVersionDate "2022.05.31"]
[SourceQuality "1"]

1. e4 c6 2. Nf3 d5 3. Nc3 Bg4 4. Be2 e6 5. d4 Bb4 6. e5 c5 7. a3 cxd4 8. Qxd4 Bxc3+ 9. Qxc3 Ne7 10. Bg5 Nbc6 11. Bb5 Qb6 12. Qb4 0-0 13. Qxg4 Qxb5 14. 0-0-0 Rfc8 15. Kb1 Qc5 16. Rd2 b5 17. Qh5 Ng6 18. Be3 Qc4 19. h4 Nf8 20. Rd3 Qe4 21. Qg5 b4 22. a4 b3 23. Rxb3 Nb4 24. Rxb4 Qxb4 25. h5 Rab8 26. Bd4 Qxa4 27. b3 Rc6 28. h6 Rxb3+ 29. cxb3 Qxb3+ 30. Bb2 Qc2+ 0-1

[Event "London ECF (Women)"]
[Site "London"]
[Date "2022.04.09"]
[Round "6"]
[White "Smith, Olivia"]
[Black "Longson, Sarah N"]
[Result "1-0"]
[WhiteElo "1997"]
[BlackElo "2019"]
[PlyCount "135"]
[EventDate "2022.04.07"]
[EventType "tourn"]
[EventRounds "9"]
[EventCountry "ENG"]
[SourceTitle "CBM 207 Extra"]
[Source "ChessBase"]
[SourceDate "2022.05.31"]
[SourceVersion "1"]
[SourceVersionDate "2022.05.31"]
[SourceQuality "1"]

1. e4 e5 2. Nf3 Nc6 3. Bb5 a6 4. Ba4 Nf6 5. 0-0 b5 6. Bb3 Bc5 7. c3 d6 8. d4 Bb6 9. a4 Rb8 10. axb5 axb5 11. Na3 Bg4 12. Nxb5 0-0 13. Bc2 Ne7 14. dxe5 dxe5 15. Qxd8 Rfxd8 16. Na3 Ng6 17. Nc4 Bxf3 18. gxf3 Nh5 19. Be3 Nhf4 20. Rfd1 Rxd1+ 21. Rxd1 Nh4 22. Nxe5 Nh3+ 23. Kf1 Bxe3 24. fxe3 g5 25. b4 Re8 26. Ng4 Kg7 27. Nf2 Nxf2 28. Kxf2 Re6 29. f4 Ra6 30. Bb3 Ra3 31. Rb1 g4 32. Kg3 Nf3 33. Rb2 h5 34. h3 Nd2 35. Rxd2 Rxb3 36. Rd3 gxh3 37. Kxh3 Kg6 38. Kh4 f6 39. f5+ Kh6 40. e5 fxe5 41. Rd5 Rxc3 42. Rxe5 Rc4+ 43. e4 Rxb4 44. Re6+ Kg7 45. Kxh5 c5 46. Kg5 Kf7 47. Kf4 c4 48. Ke5 c3 49. Rc6 Rb5+ 50. Kd4 Rb4+ 51. Kd3 Rb1 52. Rxc3 Kf6 53. Kd4 Rd1+ 54. Rd3 Ra1 55. Ke3 Re1+ 56. Kf4 Rf1+ 57. Ke3 Re1+ 58. Kf3 Rf1+ 59. Ke2 Rf4 60. Rd6+ Ke5 61. Re6+ Kd4 62. f6 Kc4 63. Ke3 Rf1 64. Rc6+ Kb5 65. Rd6 Kc5 66. e5 Rf5 67. Ke4 Rf1 68. Rd3 1-0

[Event "London ECF (Women)"]
[Site "London"]
[Date "2022.04.07"]
[Round "2"]
[White "Yao, Lan"]
[Black "Longson, Sarah N"]
[Result "1-0"]
[WhiteElo "2260"]
[BlackElo "2019"]
[PlyCount "91"]
[EventDate "2022.04.07"]
[EventType "tourn"]
[EventRounds "9"]
[EventCountry "ENG"]
[SourceTitle "CBM 207 Extra"]
[Source "ChessBase"]
[SourceDate "2022.05.31"]
[SourceVersion "1"]
[SourceVersionDate "2022.05.31"]
[SourceQuality "1"]

1. e4 e5 2. Nf3 Nc6 3. Bc4 Nf6 4. Ng5 d5 5. exd5 Na5 6. Bb5+ c6 7. dxc6 bxc6 8. Qf3 Be7 9. Bd3 h6 10. Ne4 Nd5 11. Ng3 Nb4 12. 0-0 Nxd3 13. cxd3 0-0 14. Re1 Ba6 15. Nc3 Bxd3 16. Rxe5 Bg6 17. b3 Bf6 18. Re2 Re8 19. Ba3 Rc8 20. Rae1 Rxe2 21. Qxe2 c5 22. Nce4 Bd4 23. Qg4 Rc6 24. d3 Nxb3 25. axb3 Qa5 26. Qe2 Qxa3 27. Ng5 hxg5 28. Qe8+ Kh7 29. Qxc6 Qxb3 30. Qd7 f5 31. Nxf5 Qxd3 32. Nxd4 cxd4 33. Qxa7 Qd2 34. Qa1 Qb4 35. Rd1 d3 36. Qc1 Qg4 37. h3 Qa4 38. Qd2 g4 39. hxg4 Qxg4 40. Re1 Bf5 41. Re3 Qc4 42. Rg3 g6 43. Re3 Kg8 44. Re7 Qc5 45. Qa2+ Kh8 46. Qb2+ 1-0

[Event "BCF-chT 2122 (4NCL)"]
[Site "England"]
[Date "2021.11.28"]
[Round "2.144"]
[White "Truran, Michael C"]
[Black "Longson, Sarah N"]
[Result "1/2-1/2"]
[WhiteElo "2124"]
[BlackElo "2022"]
[PlyCount "34"]
[EventDate "2021.11.27"]
[EventType "team-swiss"]
[EventRounds "11"]
[EventCountry "ENG"]
[SourceTitle "EXT 2023"]
[Source "ChessBase"]
[SourceDate "2022.10.05"]
[SourceVersion "1"]
[SourceVersionDate "2022.10.05"]
[SourceQuality "1"]
[WhiteTeam "Check Innmates"]
[BlackTeam "North East England"]
[WhiteTeamCountry "ENG"]
[BlackTeamCountry "ENG"]

1. d4 d5 2. c4 c6 3. Nf3 Nf6 4. Qc2 dxc4 5. Qxc4 Bf5 6. Nc3 e6 7. g3 Nbd7 8. Bg2 Bd6 9. Nh4 Bg4 10. h3 Bh5 11. e4 Be7 12. Be3 Rc8 13. 0-0 0-0 14. g4 Ne8 15. Nf3 Bg6 16. Ne5 b5 17. Qb3 b4 1/2-1/2

[Event "EU-chT (Women) 22nd"]
[Site "Batumi"]
[Date "2019.10.30"]
[Round "6.3"]
[White "Cramling Bellon, Anna"]
[Black "Longson, Sarah N"]
[Result "1/2-1/2"]
[WhiteElo "2164"]
[BlackElo "2073"]
[PlyCount "81"]
[EventDate "2019.10.24"]
[EventType "team-swiss"]
[EventRounds "9"]
[EventCountry "GEO"]
[SourceTitle "CBM 192 Extra"]
[Source "Chessbase"]
[SourceDate "2019.11.06"]
[SourceVersion "1"]
[SourceVersionDate "2019.11.06"]
[SourceQuality "1"]
[WhiteTeam "Sweden (W)"]
[BlackTeam "England (W)"]
[WhiteTeamCountry "SWE"]
[BlackTeamCountry "ENG"]

1. Nf3 d5 2. b3 Nf6 3. Bb2 c5 4. e3 Bf5 5. Bb5+ Nbd7 6. 0-0 a6 7. Be2 h6 8. d4 e6 9. Nbd2 Rc8 10. c4 dxc4 11. bxc4 Be7 12. Ne5 cxd4 13. Nxd7 Nxd7 14. exd4 0-0 15. Rc1 Bf6 16. Nb3 a5 17. Ba3 Re8 18. Bf3 a4 19. Nc5 Nxc5 20. dxc5 Qc7 21. Qxa4 Bd4 22. Qb3 Rb8 23. Qb5 e5 24. Be2 Bd7 25. Qb6 Qxb6 26. cxb6 Bxb6 27. Bd6 Ra8 28. c5 Bd8 29. Bc4 Bc6 30. Rfe1 e4 31. Rb1 Bg5 32. Re2 Red8 33. h3 Bf6 34. Bb5 Bd5 35. a4 Bc3 36. Rc2 Ba5 37. Rcc1 Rac8 38. Rd1 Be6 39. Be7 Rxd1+ 40. Rxd1 Bb4 41. Rd4 1/2-1/2

[Event "EU-chT (Women) 22nd"]
[Site "Batumi"]
[Date "2019.10.27"]
[Round "4.11"]
[White "Muetsch, Annmarie"]
[Black "Longson, Sarah N"]
[Result "1-0"]
[WhiteElo "2266"]
[BlackElo "2073"]
[PlyCount "83"]
[EventDate "2019.10.24"]
[EventType "team-swiss"]
[EventRounds "9"]
[EventCountry "GEO"]
[SourceTitle "CBM 192 Extra"]
[Source "Chessbase"]
[SourceDate "2019.11.06"]
[SourceVersion "1"]
[SourceVersionDate "2019.11.06"]
[SourceQuality "1"]
[WhiteTeam "Germany (W)"]
[BlackTeam "England (W)"]
[WhiteTeamCountry "GER"]
[BlackTeamCountry "ENG"]

1. e4 e5 2. Nf3 Nc6 3. d4 exd4 4. Nxd4 Nf6 5. Nxc6 bxc6 6. e5 Qe7 7. Qe2 Nd5 8. c4 Nb6 9. Nc3 Ba6 10. Qe4 Qe6 11. b3 Bb4 12. Bb2 d5 13. cxd5 Bxc3+ 14. Bxc3 cxd5 15. Qd4 Bxf1 16. Rxf1 0-0 17. f4 f6 18. Kf2 c5 19. Qxc5 fxe5 20. Kg1 Nd7 21. Qe3 e4 22. Rac1 Nf6 23. Bb2 Rf7 24. Rc5 Rd8 25. Bd4 Ng4 26. Qe2 Nh6 27. b4 Nf5 28. Be5 Qb6 29. Rd1 Rfd7 30. Rb1 a5 31. a3 axb4 32. axb4 Rc8 33. Rbc1 Rxc5 34. bxc5 Qc6 35. Qb2 Rb7 36. Qa3 Kf7 37. Qh3 Nh6 38. Qh5+ Kg8 39. Qg5 Rd7 40. Bd4 Rf7 41. Rb1 Qa8 42. Qe5 1-0

[Event "EU-chT (Women) 22nd"]
[Site "Batumi"]
[Date "2019.10.24"]
[Round "1.8"]
[White "Longson, Sarah N"]
[Black "Lehaci, Miruna Daria"]
[Result "0-1"]
[WhiteElo "2073"]
[BlackElo "2131"]
[PlyCount "84"]
[EventDate "2019.10.24"]
[EventType "team-swiss"]
[EventRounds "9"]
[EventCountry "GEO"]
[SourceTitle "CBM 192 Extra"]
[Source "Chessbase"]
[SourceDate "2019.11.06"]
[SourceVersion "1"]
[SourceVersionDate "2019.11.06"]
[SourceQuality "1"]
[WhiteTeam "England (W)"]
[BlackTeam "Romania (W)"]
[WhiteTeamCountry "ENG"]
[BlackTeamCountry "ROU"]

1. e4 c5 2. Nf3 d6 3. d4 cxd4 4. Nxd4 Nf6 5. Nc3 a6 6. h3 e6 7. g4 Be7 8. Be3 Nfd7 9. Bg2 Nc6 10. 0-0 g5 11. f4 gxf4 12. Nxc6 bxc6 13. Bxf4 e5 14. Bh6 Nb6 15. Qf3 Be6 16. Rad1 Rg8 17. Ne2 Rg6 18. Bc1 Rf6 19. Qc3 Rxf1+ 20. Rxf1 Kd7 21. Rd1 Kc7 22. Qa5 Bg5 23. b3 Bxc1 24. Nxc1 Qg5 25. Qd2 Qxd2 26. Rxd2 a5 27. a4 Rh8 28. Rf2 h5 29. gxh5 Rxh5 30. Ne2 Rg5 31. Rf3 Nd7 32. Ng3 Nc5 33. Kf2 d5 34. Rc3 Kd6 35. exd5 cxd5 36. h4 Rg4 37. h5 d4 38. Rf3 e4 39. Rf6 Ke5 40. Rh6 e3+ 41. Kf3 Rf4+ 42. Ke2 Rf2+ 0-1

[Event "GBR-ch 106th"]
[Site "Torquay"]
[Date "2019.07.28"]
[Round "2"]
[White "Longson, Sarah N"]
[Black "Toma, Katarzyna"]
[Result "0-1"]
[WhiteElo "2095"]
[BlackElo "2229"]
[PlyCount "78"]
[EventDate "2019.07.27"]
[EventType "swiss"]
[EventRounds "9"]
[EventCountry "ENG"]
[SourceTitle "CBM 191 Extra"]
[Source "ChessBase"]
[SourceDate "2019.09.30"]
[SourceVersion "1"]
[SourceVersionDate "2019.09.30"]
[SourceQuality "1"]

1. e4 c5 2. Nf3 e6 3. g3 Nc6 4. Bg2 Nf6 5. Qe2 e5 6. c3 Be7 7. a4 0-0 8. Na3 d5 9. exd5 Qxd5 10. Qc4 Qd8 11. 0-0 Bf5 12. Re1 Na5 13. Qa2 e4 14. Ng5 Qd3 15. Re3 Qd5 16. Nxe4 Qxa2 17. Nxf6+ Bxf6 18. Rxa2 Nb3 19. Re1 Rfe8 20. Rd1 Rad8 21. Bxb7 Re7 22. Bf3 Rde8 23. Kg2 Re1 24. d4 Rxd1 25. Bxd1 Nxc1 26. Ra1 Nd3 27. Bc2 cxd4 28. Bxd3 Bxd3 29. cxd4 Be4+ 30. f3 Bc6 31. Nc4 Bxd4 32. Rd1 Bc5 33. b3 Re2+ 34. Kf1 Rf2+ 35. Ke1 Rxf3 36. Rd8+ Bf8 37. Na5 Rf6 38. Rc8 Bd5 39. b4 g6 0-1

[Event "BCF-chT1d 1819 (4NCL) Demotion pool"]
[Site "England"]
[Date "2019.05.06"]
[Round "11.56"]
[White "Longson, Sarah N"]
[Black "Berry, Neil"]
[Result "1-0"]
[WhiteElo "2123"]
[BlackElo "2261"]
[PlyCount "89"]
[EventDate "2018.11.10"]
[EventType "team-tourn"]
[EventRounds "4"]
[EventCountry "ENG"]
[SourceTitle "CBM 190 Extra"]
[Source "ChessBase"]
[SourceDate "2019.07.15"]
[SourceVersion "1"]
[SourceVersionDate "2019.07.15"]
[SourceQuality "1"]
[WhiteTeam "3CS Oldham"]
[BlackTeam "Alba"]
[WhiteTeamCountry "ENG"]
[BlackTeamCountry "ENG"]

1. e4 e5 2. Nf3 Nc6 3. Bc4 Nf6 4. d3 Be7 5. 0-0 0-0 6. Re1 d6 7. a4 Na5 8. Ba2 c5 9. h3 Nc6 10. Nc3 Be6 11. Bxe6 fxe6 12. Bd2 Qd7 13. a5 Nd4 14. Nxd4 cxd4 15. Ne2 Qb5 16. Qb1 Bd8 17. c3 dxc3 18. bxc3 Qd7 19. c4 b6 20. a6 Qf7 21. f4 Nd7 22. Rf1 Bf6 23. fxe5 Nxe5 24. Bb4 Qd7 25. Bc3 Rac8 26. Qb3 Qe7 27. Rad1 Nd7 28. d4 Nb8 29. e5 Bg5 30. Bb4 Rxf1+ 31. Rxf1 Nxa6 32. Bxd6 Qd7 33. Qf3 h6 34. Ng3 Nb8 35. Ne4 Nc6 36. Qg4 Re8 37. h4 Be3+ 38. Kh1 Kh7 39. d5 Nd4 40. Ng3 Nf5 41. Qe4 Kg8 42. Nxf5 exf5 43. Qxe3 Qxd6 44. exd6 Rxe3 45. d7 1-0

[Event "Dublin Irish op"]
[Site "Dublin"]
[Date "2019.04.22"]
[Round "9"]
[White "Longson, Sarah N"]
[Black "Brady, Stephen"]
[Result "1/2-1/2"]
[WhiteElo "2123"]
[BlackElo "2301"]
[PlyCount "130"]
[EventDate "2019.04.17"]
[EventType "swiss"]
[EventRounds "9"]
[EventCountry "IRL"]
[SourceTitle "CBM 189 Extra"]
[Source "ChessBase"]
[SourceDate "2019.06.03"]
[SourceVersion "1"]
[SourceVersionDate "2019.06.03"]
[SourceQuality "1"]

1. e4 d5 2. exd5 Qxd5 3. Nc3 Qa5 4. d4 Nf6 5. Bc4 Bf5 6. Bd2 c6 7. Nd5 Qd8 8. Nxf6+ gxf6 9. Nf3 Nd7 10. c3 Nb6 11. Bb3 e6 12. Qe2 Bd6 13. Nh4 Bg6 14. g3 Qc7 15. c4 c5 16. d5 0-0-0 17. Nxg6 hxg6 18. dxe6 Rhe8 19. 0-0-0 Rxe6 20. Qg4 f5 21. Qg5 Re4 22. Rhe1 Rde8 23. Rxe4 Rxe4 24. Re1 Rxe1+ 25. Bxe1 Qc6 26. Qe3 Kd7 27. h4 f4 28. Qe2 Qh1 29. Kd1 Kc7 30. Qe8 Qf3+ 31. Qe2 Qxe2+ 32. Kxe2 fxg3 33. fxg3 Be5 34. g4 Nd7 35. Bc3 Bxc3 36. bxc3 Kd6 37. Ke3 Ke5 38. Ba4 Nf6 39. Kf3 Ne4 40. h5 gxh5 41. gxh5 f5 42. Bc2 Ng5+ 43. Kg3 Nf7 44. Kf3 Nh6 45. Bd3 Nf7 46. Bc2 Ng5+ 47. Kg3 Nf7 48. Kf3 Nh6 49. Bd3 Ng4 50. Bc2 b6 51. Bd3 Nh6 52. Bc2 Nf7 53. Bd3 Ng5+ 54. Kg3 Nf7 55. Kf3 Nh6 56. Bc2 a6 57. Bd3 Ng8 58. Bc2 Nh6 59. Bd3 Nf7 60. Bc2 Nd8 61. Bd3 Kf6 62. Kf4 Ne6+ 63. Kf3 Nd8 64. h6 Ke5 65. Kg3 Ne6 1/2-1/2

[Event "Dublin Irish op"]
[Site "Dublin"]
[Date "2019.04.19"]
[Round "4"]
[White "Longson, Sarah N"]
[Black "O Hanlon, Joseph"]
[Result "1-0"]
[WhiteElo "2123"]
[BlackElo "1548"]
[PlyCount "165"]
[EventDate "2019.04.17"]
[EventType "swiss"]
[EventRounds "9"]
[EventCountry "IRL"]
[SourceTitle "CBM 190 Extra"]
[Source "ChessBase"]
[SourceDate "2019.07.15"]
[SourceVersion "1"]
[SourceVersionDate "2019.07.15"]
[SourceQuality "1"]

1. e4 d6 2. d4 Nf6 3. Nc3 Nbd7 4. f4 e5 5. Nf3 exd4 6. Nxd4 g6 7. Bc4 Bg7 8. 0-0 0-0 9. f5 Ne5 10. Bb3 Nfd7 11. a4 Nc5 12. Ba2 Qh4 13. Rf4 Qd8 14. b4 Ncd7 15. Nde2 Kh8 16. Bb2 g5 17. Rf1 Nf6 18. Ng3 Bd7 19. Qd2 h6 20. Bb3 b6 21. Rab1 Bc6 22. Nd5 Bb7 23. Ba1 Kh7 24. Rbd1 Rc8 25. Qe2 Qe8 26. Nxf6+ Bxf6 27. Nh5 Qe7 28. Rde1 Rce8 29. Qb5 a6 30. Qe2 Nd7 31. Qd1 Bxa1 32. Qxa1 Qe5 33. Bd5 Qxa1 34. Rxa1 Bxd5 35. exd5 f6 36. Rfe1 Rxe1+ 37. Rxe1 Ne5 38. b5 a5 39. Re3 Kg8 40. Rc3 Rf7 41. h3 Kf8 42. Kf2 Ke8 43. Ng3 Kd8 44. Ne2 Kd7 45. Nd4 Kc8 46. Ne6 Kb8 47. Ke3 Kc8 48. Ke4 Kb8 49. h4 Nd7 50. Kf3 Nc5 51. Nxc5 dxc5 52. Re3 Kc8 53. Re6 Kd7 54. Kg4 Rg7 55. g3 gxh4+ 56. Kxh4 h5 57. Rxf6 Rg4+ 58. Kxh5 Rxg3 59. Rg6 Ra3 60. Rg4 Ra2 61. f6 Rxc2 62. Kg6 Ke8 63. Kg7 Rf2 64. Re4+ Kd8 65. f7 Rg2+ 66. Kf6 Rf2+ 67. Ke6 Rf1 68. Rc4 Re1+ 69. Kf6 Rf1+ 70. Kg7 Ke7 71. Re4+ Kd6 72. Re6+ Kxd5 73. Rf6 Rg1+ 74. Kh6 Rh1+ 75. Kg7 Rg1+ 76. Kf8 Re1 77. Rc6 Rf1 78. Rxc7 Rxf7+ 79. Kxf7 Kd4 80. Rc6 Kc4 81. Rxb6 Kb4 82. Rc6 c4 83. b6 1-0